000 00755nam a2200229 a 4500
001 000025157
005 20200930023609.0
008 110210s1994 sp r 000 f spa d
020 _a8433920081
040 _aDO-SdBNP
_bspa
_cBNPHU
082 _a813.5
_bB972A, 1994
100 1 _aBurroughs, William S.
_d1914-1997
_951601
245 1 0 _aEl almuerzo desnudo /
_cWilliam S. Burroughs ; traducción de Martín Lendínez.
250 _a4a ed.
260 _aBarcelona, (España) :
_bEditorial Anagrama,
_c1994.
300 _a252, [2] p. ;
_c19 cm.
490 1 _aCompactos anagrama
_v5
500 _aIncluye apéndice
650 4 _aNovela estadounidense
_9262
650 4 _aLiteratura estadounidense
_9263
700 1 _aLendínez, Martín,
_d1943-
_etr.
_951602
999 _c24650
_d24650